Raffles.

Bibliographic Details
Main Author: Collis, Maurice, 1889-1973
Format: Book
Language:English
Published: New York : John Day Co., [1968]
Edition:[1st American ed.].
Subjects:

MARC

Tag First Indicator Second Indicator Subfields
LEADER 00000cam a2200000 4500
001 in00000233513
005 20151010050715.0
008 680301r1968 nyuabc b 00000beng
010 |a  68011295  
035 |a (OCoLC)00436554 
035 |9 ABB1592AM 
040 |a DLC  |c DLC  |d TXA  |d UtOrBLW 
049 |a TXAM  |c [910445] 
050 0 0 |a DS646.26.R3  |b C58 1968 
082 0 |a 942.07/3/0924  |a B 
100 1 |a Collis, Maurice,  |d 1889-1973. 
245 1 0 |a Raffles. 
250 |a [1st American ed.]. 
264 1 |a New York :  |b John Day Co.,  |c [1968] 
300 |a 227 pages :  |b illustrations, maps, portraits ;  |c 22 cm. 
336 |a text  |b txt  |2 rdacontent 
337 |a unmediated  |b n  |2 rdamedia 
338 |a volume  |b nc  |2 rdacarrier 
504 |a Bibliography: pages 221-222. 
600 1 0 |a Raffles, Thomas Stamford,  |c Sir,  |d 1781-1826. 
999 |a MARS 
999 f f |s abee5470-607e-3f20-be6f-6cbd165d841d  |i dd85cf71-fc3c-3913-8fe1-01916541ad23  |t 0 
952 f f |p ric  |a Texas A&M University  |b Rellis Campus  |c Joint Library Facility  |d Remote Storage  |t 0  |e DS646.26.R3 C58 1968  |h Library of Congress classification  |i unmediated -- volume  |m A14802063441 
998 f f |a DS646.26.R3 C58 1968  |t 0  |l Remote Storage